000 00905cam a22002774a 4500
999 _c8808
_d8808
001 15907598
003 GZU
005 20210526091553.0
008 090916s2009 enk b 001 0 eng
010 _a 2009499015
020 _a9781841139807 (pbk.)
040 _aDLC
_cDLC
043 _ae-uk-en
_ae-uk-wl
050 0 0 _aKD829
_b.GAR 2009
100 1 _aGardner, Simon,
_d1954-
245 1 3 _aAn introduction to land law /
_cSimon Gardner.
250 _a2nd ed.
260 _aOxford ;
_aPortland, Or. :
_bHart Pub.,
_c2009.
300 _axxxv, 338 p. ;
_c24 cm.
500 _aIncludes bibliographical references and index.
650 0 _aReal property
_zEngland.
650 0 _aReal property
_zWales.
906 _a7
_bcbc
_corigcop
_d2
_encip
_f20
_gy-gencatlg
942 _2lcc
_cBK
_h829
_iGAR
_kKF